[Event "Gibraltar Masters 9th"]
[Site "Caleta"]
[Date "2011.02.03"]
[Round "10"]
[White "Kortschnoj, Viktor Lvovich"]
[Black "Vallejo Pons, Francisco"]
[Result "0-1"]
[WhiteElo "2544"]
[BlackElo "2698"]
[Annotator "Reeh,O"]
[PlyCount "70"]
[EventDate "2011.01.25"]
[EventType "swiss"]
[EventRounds "10"]
[EventCountry "ENG"]
[SourceTitle "CBM 141"]
[Source "ChessBase"]
[SourceDate "2011.03.17"]
[SourceVersion "1"]
[SourceVersionDate "2011.03.17"]
[SourceQuality "1"]

1. d4 Nf6 2. c4 e6 3. Nf3 c5 4. d5 b5 5. dxe6 fxe6 6. cxb5 d5 7. Bg5 Qa5+ 8.
Qd2 Qb6 9. Bxf6 gxf6 10. e3 Nd7 11. Nc3 f5 12. a4 Nf6 13. Be2 Bd6 14. O-O Bd7
15. Rfd1 Ke7 16. a5 Qc7 17. h3 Rhg8 18. Nh4 Rab8 19. Kh1 Be5 20. Qc2 d4 21. Na4
dxe3 22. b6 Bxa4 23. Rxa4 axb6 24. f4 $5 {Starting a desperate sacrificial
attack Leitet einen verzweifelten Opferangriff ein.} ({The alternative Die
Alternative} 24. fxe3 {would be positionally pretty grim. wäre positionell
ziemlich trostlos wäre.}) 24... Bxf4 25. Nxf5+ exf5 26. Qxf5 Be5 ({Sofort
entschieden hätte} 26... Qc6 $1 {would have been immediately decisive, hitting
a4 and g2. mit Angriff auf a4 und g2.}) 27. Bc4 Rg6 (27... Rgd8 $5 {seemed
still good for Black. schien noch immer gut für Schwarz.}) 28. axb6 Rxb6 $2 {
This could have cost Black dearly. Das hätte Schwarz teuer zu stehen kommen
können.} ({Necessary was Notwendig war} 28... e2 $1 {to deflect the rook from
the d-file, e.g. , um den Turm von der d-Linie abzulenken, z.B.} 29. Re1 (29.
Bxe2 $5 Rxb6 30. Rda1) 29... Rxb6 30. Rxe2 Nd7 31. Qf7+ (31. Rd2) 31... Kd8 32.
Ra8+ Rb8 33. Rd2 {(threatening 34.Qf8++) (drohend 34.Qf8++)} Bd4 34. Re2 Be5
35. Rd2 {with a move repetition. mit Zugwiederholung.}) {[%tqu "En","White to
play and win.","","","d1a1","Missing his chance.",0,"a4a7","Deflecting the
queen from the Be5 and starting a king hunt!",15,"De","Weiß zieht und gewinnt.
","","","d1a1","Missing his chance.",0,"a4a7","Lenkt die Dame vom Be5 ab und
bläst zur Königsjagd!",15]} 29. Rda1 $2 {Missing his chance. Verpasst die
Chance.} ({Winning was Es gewann} 29. Ra7 $3 Qxa7 30. Qxe5+ Kf8 (30... Re6 31.
Bxe6 $1) 31. Rd8+ Kg7 32. Rg8+ $1 {(exploiting the pin of the Nf6) and White
checkmates: (nutzt die Fesselung des Nf6) und Weiß setzt matt:} Kh6 33. Qf4+
Kh5 34. Be2+ Ng4 35. hxg4+ Kh4 36. g5#) 29... Kf8 {and White's attack was
finished.  und der weiße Angriff war am Ende.} 30. Bd5 e2 31. Qf2 Bd4 32. Qxe2
Nxd5 33. Ra8+ Kg7 34. Qf3 Kh6 35. R1a7 Qf4 0-1

[Event "Albert m"]
[Site "Albert"]
[Date "1997.09.15"]
[Round "5"]
[White "Bacrot, Etienne"]
[Black "Kortschnoj, Viktor Lvovich"]
[Result "1/2-1/2"]
[WhiteElo "2545"]
[BlackElo "2610"]
[Annotator "Donev,I"]
[PlyCount "39"]
[EventDate "1997.09.10"]
[EventType "match"]
[EventRounds "6"]
[EventCountry "FRA"]
[SourceTitle "CBM 061"]
[Source "ChessBase"]
[SourceDate "1997.11.23"]
[SourceVersion "1"]
[SourceVersionDate "1997.11.23"]
[SourceQuality "1"]

1. d4 Nf6 2. c4 e6 3. Nf3 d5 4. Nc3 Be7 5. Bg5 h6 6. Bxf6 Bxf6 7. e3 O-O 8. Rc1
c6 9. Bd3 Nd7 10. O-O Qe7 $5 {[%csl Rc8] Das Hauptproblem des Nachziehende
heißt - schlecht stehende Bc8.} ({Der Alte Maestro weicht von den
Hauptvariante ab:} 10... dxc4 11. Bxc4 e5 {Vielleicht hat er gedacht: es ist
selbstverständlich, daß mein junge Gegner viel mehr Theorie in der
Hauptwarianten des Erröffnungen wiessen kann.}) 11. Re1 Rd8 12. Qb3 (12. Qc2
dxc4 13. Bxc4 c5 14. Bb3 b6 15. d5 Bxc3 16. bxc3 Nf6 $1 $11) 12... dxc4 13.
Bxc4 {Auf dem Brett enstehet eine Stellung mit weiße Raumvorteil im Zentrum -
Pe4 gegen Pe6 und c6.In solche Stellungen Schwarz muß versuchen der weiße
Zentrum zu untergraben mittels c6-c5 oder e6-e5.} c5 (13... e5 14. Ne4 $14) 14.
d5 Ne5 $1 15. Nxe5 Bxe5 16. Red1 (16. dxe6 Bxe6 17. Bxe6 Qxe6 18. Qxe6 (18.
Qxb7 Bxc3 19. Rxc3 Qxa2 20. Ra3 Qe6 21. Rxa7 Rab8 22. Qc7 Rdc8 23. Qf4 Rxb2 $15
) 18... fxe6 $11) 16... Bxc3 17. Qxc3 exd5 18. Bxd5 Be6 $1 19. Bxe6 (19. Qe5
Rac8 20. Bxe6 Qxe6 21. Qxe6 (21. Rxd8+ Rxd8 22. Qxc5 Qxa2 23. Qb5 $11) 21...
fxe6 22. f4 b6 $11) 19... Qxe6 20. a3 (20. Qxc5 Qxa2 21. Qb4 $11) 1/2-1/2

[Event "Dresden zt 1.2"]
[Site "Dresden"]
[Date "1998.05.06"]
[Round "8"]
[White "Lutz, Christopher"]
[Black "Kortschnoj, Viktor Lvovich"]
[Result "1/2-1/2"]
[WhiteElo "2595"]
[BlackElo "2625"]
[Annotator "Wedberg,T"]
[PlyCount "63"]
[EventDate "1998.04.28"]
[EventType "swiss"]
[EventRounds "11"]
[EventCountry "GER"]
[SourceTitle "CBM 065"]
[Source "ChessBase"]
[SourceDate "1998.08.06"]
[SourceVersion "1"]
[SourceVersionDate "1998.08.06"]
[SourceQuality "1"]

{[%mdl 4424]} 1. e4 e5 2. Nf3 Nc6 3. Bb5 Nf6 4. O-O Nxe4 5. d4 Nd6 6. Bxc6 dxc6
7. dxe5 Nf5 8. Qxd8+ Kxd8 9. Nc3 Ke8 10. h3 a5 11. Bf4 {This is an interesting
idea. White develops quickly and hopes for action on the f4-c7 diagonal. Two
negative aspects are: Bf4 blocks the white f-P and the B can be attacked with
the manouver Ne7-d5/g6.} Bb4 $146 (11... Be6 12. g4 Ne7 13. Nd4 Nd5 14. Nxe6
fxe6 15. Bd2 Bb4 $11 {Galkin,A-Aleksandrov,A/ RUS-Cup6 1997/ 1/2-1/2 (59)}) 12.
Ne4 Be6 13. c3 Bf8 14. Rfe1 h5 15. Neg5 Bd5 (15... Be7 16. Nxe6 fxe6 {is less
risky.}) 16. e6 $1 $36 {It's interesting to compare this game with
Wahls-Sokolov from the same tournament. Here White has used his advantage in
development to create some immediate play in the center.} f6 (16... fxe6 17.
Nxe6 Bxe6 18. Rxe6+ Kd7 (18... Kf7 19. Ng5+ Kg8 20. Bxc7 $18) 19. Rg6 $16) 17.
Nf7 Rh7 18. Bxc7 a4 $1 {A remarkably cool respons to Whites aggressive play.
Black accepts the loss of a P and moves on with his positional plans.} (18...
Bxe6 $2 19. Nd8 $1 $18) 19. Nd2 $6 {Now Black survives without much problem.} (
19. Nd4 $5 {Taking hold of the important d6-square.} Nxd4 20. cxd4 Bb4 (20...
a3 21. b3 Bb4 22. Re2 Ke7 23. Bb6 $1 Re8 24. Rae1 $16) 21. Re2 Ke7 (21... Bxe6
$2 22. Nd8 $18) 22. a3 $16) 19... Be7 20. Ne4 (20. c4 Bxe6 21. Rxe6 Kxf7 $11)
20... Bxe6 21. Ned6+ Nxd6 22. Nxd6+ Kd7 23. Rad1 Kxc7 24. Rxe6 g6 25. Ne4 Rf7
26. Re1 Rd8 27. Ng5 fxg5 28. Rxe7+ Rxe7 29. Rxe7+ Kb6 30. Kf1 Rd2 31. Re2 Rd1+
32. Re1 1/2-1/2

[Event "Istanbul ol (Men) 34th"]
[Site "Istanbul"]
[Date "2000.11.12"]
[Round "14.1"]
[White "Kortschnoj, Viktor Lvovich"]
[Black "Van Wely, Loek"]
[Result "0-1"]
[WhiteElo "2620"]
[BlackElo "2643"]
[Annotator "Krasenkow,M"]
[PlyCount "80"]
[EventDate "2000.10.28"]
[EventType "team-swiss"]
[EventRounds "14"]
[EventCountry "TUR"]
[SourceTitle "EXT 2001"]
[Source "ChessBase"]
[SourceDate "2000.11.22"]
[SourceVersion "1"]
[SourceVersionDate "2000.11.22"]
[SourceQuality "1"]
[WhiteTeam "Switzerland"]
[BlackTeam "Netherlands"]
[WhiteTeamCountry "SUI"]
[BlackTeamCountry "NED"]

1. d4 Nf6 2. c4 g6 3. Nc3 d5 4. e3 Bg7 5. Qb3 e6 6. Qa3 a5 7. Nf3 c6 8. b3 Na6
9. c5 $6 {This new move doesn't pose any problems to Black. Moreover, he gets
a free hand in the centre and on the kingside.} (9. Be2 {was played earlier, e.
g.} Ne4 10. Na4 Nb4 11. Qb2 c5 12. O-O O-O 13. Rd1 cxd4 14. exd4 dxc4 15. bxc4
Bd7 $11 {Kortschnoj,V-Krasenkow,M/Leonid Stein Mem 2000/1/2-1/2 (42) - CBM77})
9... Nd7 $1 {[%cal Ye6e5,Yg6g5,Ra6c5] A good, multi-purpose move.} 10. Bxa6
Rxa6 11. Na4 g5 $1 {This is much better than} (11... e5 12. dxe5 Nxe5 13. Nxe5
Bxe5 14. Bb2) 12. O-O {After this Black's plan is clear: an attack on the
kingside. The question is whether it will succeed with the rook on a6. Black
has a tricky task: he can't avoid ...e6-e5 to develop his light-squared bishop
but otherwise he must try to keep the centre closed! Fortunately, the poor
position of the white pieces (especially Qa3) helps Black to achieve his aim.}
({The awkward-looking} 12. Bb2 {,with idea Bc3, Qb2, 0-0-0, deserved attention.
If} Bf8 13. b4 (13. Nc3 b6) 13... b6 {then simply} 14. O-O $13) 12... g4 13.
Ne1 h5 14. Nd3 Qg5 15. Qb2 e5 16. e4 Qg6 17. Nxe5 (17. Re1 $5 dxe4 18. Nxe5 $13
{, opening up the d-file, was more appropriate}) 17... Nxe5 18. dxe5 Qxe4 19.
Bd2 h4 20. Rae1 Qf5 21. Bc3 (21. f4 $5 {was more accurate}) 21... Be6 {Safely
blockading the e5 pawn. Now Black is ready to push ...h4-h3. It is not easy
for White to defend, although he is practically an exchange up. However,
instead of the text move, the immediate} (21... h3 $1 {was stronger.} 22. e6 {
didn't work in view of} d4 $1 23. exf7+ Kxf7 24. Bxd4 $2 Qd5) 22. Nb6 $6 {
This knight will soon be forced to retreat.} (22. f4 {was necessary to avoid
the opening of the h-file:} gxf3 23. Rxf3) 22... h3 $1 23. f3 (23. f4 {is
already late:} hxg2 (23... g3 $5 24. hxg3 Qg4) 24. Qxg2 Rh3 $1 25. Bd4 Bh6 $17)
23... hxg2 24. Qxg2 Qd3 25. Bb2 Bf8 26. Na4 {alas!} Rg8 27. Qg3 Qh7 28. f4 Bf5
{[%cal Yf8e7,Ye7h4] Black dominates on the light squares.} 29. e6 $6 {A
desperate attent to create counterplay.} fxe6 30. Rxe6+ $6 {This sacrifice is
easily refuted by Black.} Bxe6 31. f5 Bc8 32. Qb8 Qd7 33. Re1+ Kf7 34. Qe5 Qe7
35. Qg3 Qd8 36. Bd4 Rg5 37. f6 Bf5 38. Qh4 Rg8 39. Qh5+ Bg6 40. Qe5 Qd7 0-1

[Event "Candidates m5 g/45"]
[Site "Wijk aan Zee"]
[Date "1991.??.??"]
[Round "10"]
[White "Sax, Gyula"]
[Black "Kortschnoj, Viktor Lvovich"]
[Result "1/2-1/2"]
[WhiteElo "2605"]
[BlackElo "2615"]
[Annotator "Kortschnoj"]
[PlyCount "167"]
[EventDate "1991.01.??"]
[EventType "match (rapid)"]
[EventRounds "2"]
[EventCountry "NED"]
[SourceTitle "Candidates"]
[Source "ChessBase"]
[SourceDate "1999.07.01"]
[SourceVersion "2"]
[SourceVersionDate "1999.07.01"]
[SourceQuality "1"]

1. e4 {Knaak} e6 2. d4 d5 3. e5 c5 4. c3 Nc6 5. Nf3 Bd7 6. Be2 Nge7 7. O-O Ng6
8. Be3 cxd4 $2 (8... Qb6 $10) (8... Be7 {Knaak} 9. dxc5 $5 Ngxe5 10. Nxe5 Nxe5
11. f4) 9. cxd4 Be7 10. Nc3 O-O 11. Bd3 Be8 12. Rc1 f6 13. exf6 Bxf6 14. Qd2
Kh8 (14... h6 $5 {Knaak /\ Nge7}) 15. Bb1 Rc8 16. Rfe1 $16 {>< e6, Ng6} Rc7 17.
Rcd1 Rd7 18. Kh1 (18. Ng5 Nxd4) 18... Be7 19. Ng5 Rf6 (19... Nxd4 $142 20. Nxh7
Nf3 21. gxf3 Kxh7 {Schwarz hat zwar die schlechtere Position, er hat aber noch
Konterchancen.}) 20. f4 Nf8 21. Rf1 h6 22. Nf3 Bg6 23. Bxg6 Nxg6 24. g3 Bf8 $18
{Die schwarze Stellung ist strategisch verloren; dennoch hätte 24...Bb4 mehr
Widerstand geleistet.} (24... Na5 $5 {Knaak}) 25. Qg2 Kg8 26. Qh3 Bb4 27. Ne2
Nf8 28. g4 Qe8 29. g5 hxg5 30. fxg5 Rff7 31. Nf4 g6 32. Nd3 Bd6 33. Nf2 Ne7 34.
Ng4 Nf5 35. Bc1 (35. Nh4 $1 {Gewinnt die Qualität sofort.}) 35... Qd8 36. Nf6+
Rxf6 37. gxf6 Rh7 38. f7+ Kg7 39. Qg4 Ng3+ 40. Kg1 Nxf1 41. Rxf1 Qc7 42. h4 Qc2
43. Bg5 (43. Ne5 $142) 43... Qxb2 $2 (43... Qf5 $1 44. Qg2 Qxf7 45. Ne5 Qe8 46.
Nf7 Qxf7 47. Rxf7+ Kxf7 $19 {Ich glaube, dass Schwarz auf Verlust steht, aber
Weiss muss noch Technik zeigen ...}) 44. Bf4 $1 Qb6 45. Be5+ Bxe5 46. Nxe5 Qd8
47. Nxg6 Nxg6 48. f8=Q+ $4 (48. h5 $18) (48. h5 $1 {Knaak} Rh8 49. Qxg6+ Kf8
50. h6 $18) 48... Qxf8 49. Rxf8 Kxf8 50. Qxe6 (50. h5 $5 {Knaak}) 50... Nxh4
51. Qc8+ {Es tauchen schon technische Schwierigkeiten auf.} (51. Qxd5 $142) (
51. Qxd5 $1 {Knaak}) 51... Kf7 52. Qxb7+ Kg6 53. Qxd5 Nf5 54. Qe6+ Kg5 55. d5
Rh6 56. Qg8+ Rg6 57. Qd8+ $2 {Weiß erlaubt den schwarzen König den Durchbruch
nach d5. Schwarz ist dann in der Lage, eine Festung zu errichten.} (57. Qe8 $1
{+/-/+-}) 57... Kf4+ 58. Kf2 Rd6 59. Qb8 a6 60. Qc7 (60. Qe8 $1 {Die letzte
praktische Gewinnchance.}) 60... Ke5 61. Qc4 Ne7 62. Qe2+ Kf6 63. Qf3+ Ke5 64.
Qe3+ Kf6 65. Qf4+ Nf5 66. Qe4 Ne7 67. Qh4+ Kf7 68. Qh7+ Ke8 69. Qh8+ Kd7 70.
Qh3+ Kc7 71. Qh7 Kd7 72. Qh3+ Kc7 73. Qc3+ Kd7 74. Qg7 Rxd5 75. Ke3 a5 76. Ke4
Rf5 77. Qd4+ Rd5 78. Qa7+ Ke6 79. Qc7 Rf5 80. Kd4 Rd5+ 81. Kc4 Rf5 82. Qb6+ Kd7
83. Qb7+ Kd6 84. Qb8+ 1/2-1/2

[Event "Zuerich m rap"]
[Site "Zuerich"]
[Date "2015.02.16"]
[Round "4"]
[White "Kortschnoj, Viktor Lvovich"]
[Black "Uhlmann, Wolfgang"]
[Result "0-1"]
[WhiteElo "2499"]
[BlackElo "2326"]
[Annotator "Sagar Shah"]
[PlyCount "48"]
[EventDate "2015.02.15"]
[EventType "match (rapid)"]
[EventRounds "4"]
[EventCountry "SUI"]
[SourceTitle "CBM 164 Extra"]
[Source "ChessBase"]
[SourceDate "2015.03.02"]
[SourceVersion "1"]
[SourceVersionDate "2015.03.02"]
[SourceQuality "1"]

{This was the final game of the match. Uhlmann was trailing by a point and he
had the black pieces. Things looked ominous for him. But like a battle
hardened player he came back to win and level the match.} 1. c4 c5 2. Nf3 Nc6
3. d4 cxd4 4. Nxd4 Nf6 5. Nc3 g6 6. Nc2 {Korchnoi retreats his knight to avoid
the Gurgenidze Variation of the Accelerated Dragon.} (6. e4 Nxd4 7. Qxd4 d6 {
is one of the main lines.}) 6... Bg7 7. e4 O-O 8. Be2 a6 {This is quite an
interesting and unusual way to play against the Maroczy setup. Black omits the
move d6 and instead focuses on the b5 break.} 9. O-O Rb8 10. Re1 $1 {Latently
defending the e4 pawn.} d6 11. Bg5 h6 12. Be3 Bd7 13. a4 {Korchnoi once and
for all prevents the b5 break. But the b4 square is weakened and with his next
move he clamps down on not only that square but also the c5 outpost for his
knight.} a5 $5 14. c5 dxc5 15. Bxc5 b6 (15... Be6 {was much better controlling
the central squares.}) 16. Ba3 $14 Be6 17. Bb5 $1 {Korchnoi plays with great
precision nurturing his slight advantage.} Rc8 18. Rc1 Bb3 19. Qxd8 $6 (19. Qe2
{was better to maintain the queens and also threaten the move e4-e5.} Bxc2 (
19... Qc7 20. e5 $16) 20. Qxc2 Nd4 21. Qd3 Nxb5 22. Qxb5 $16) 19... Rfxd8 20.
Ne3 e6 (20... Nb4 $1 $15) 21. Ba6 Rb8 22. Nb5 $2 {Incarcerating his bishop on
the a6 square.} Nb4 $1 23. Rc3 $2 {Now that's tiredness and old age speaking.}
(23. Bxb4 axb4 24. Nc4 Bxa4 $17) 23... Bxa4 24. f3 Nxa6 {An anti climax to a
very interesting game. Final Score 2:2.} 0-1

[Event "Amsterdam Euwe Memorial"]
[Site "Amsterdam"]
[Date "1991.??.??"]
[Round "1"]
[White "Kortschnoj, Viktor Lvovich"]
[Black "Salov, Valery"]
[Result "0-1"]
[WhiteElo "2615"]
[BlackElo "2645"]
[Annotator "Salov,V"]
[PlyCount "42"]
[EventDate "1991.05.??"]
[EventType "tourn"]
[EventRounds "9"]
[EventCountry "NED"]
[EventCategory "16"]
[SourceTitle "CBM 023"]
[Source "ChessBase"]
[SourceDate "1991.08.01"]
[SourceVersion "1"]
[SourceVersionDate "1991.08.01"]
[SourceQuality "1"]

1. c4 c6 2. e4 d5 3. exd5 cxd5 4. cxd5 Nf6 5. Qa4+ Nbd7 6. Nc3 g6 7. g4 $5 {
a dashing assault, conceived by Victor Kortchnoi over the board; however not 
a novelty} Bg7 (7... h6 8. Bg2 $14) 8. g5 Nh5 9. Nge2 O-O 10. Ng3 e6 $1 (10...
Nb6 $2 11. Qh4 Nxd5 12. Nxh5 gxh5 13. Bg2 Nxc3 14. bxc3 $14) 11. Nxh5 gxh5 12.
d4 $5 {TN} (12. Qh4 Ne5 13. Bg2 Ng6 $17 {Gurevich-Rytov,USSR 1967}) 12... Nb6 (
12... exd5 13. Be3 Nb6 14. Qc2 Bg4 $13) 13. Qd1 (13. Qc2 Nxd5 $15) 13... exd5
14. Qxh5 Bf5 15. Be3 Re8 $44 16. Bb5 (16. Bg2 $5 Bxd4 17. O-O Bg6 18. Qg4 Bxe3
19. fxe3 Rxe3 20. Rad1 Re5 21. h4 $44) 16... Re6 17. O-O Nc4 18. Bxc4 (18. Qf3
$5 Nxe3 19. fxe3 Qxg5+ 20. Qg3 Rg6 21. Qxg5 Rxg5+ 22. Kf2 $132) 18... dxc4 19.
d5 Rg6 20. f4 b5 21. Nxb5 $4 {Terrible blunder; after 21.a3! Qd7 22.Qf3 a5 the
position would have remained double-edged, although Black would've had a
tremendous compensation for the sacrificed pawn.} Qe8 0-1

[Event "Candidates qf2"]
[Site "Brussels"]
[Date "1991.??.??"]
[Round "2"]
[White "Kortschnoj, Viktor Lvovich"]
[Black "Timman, Jan H"]
[Result "0-1"]
[WhiteElo "2610"]
[BlackElo "2630"]
[Annotator "Kortschnoj"]
[PlyCount "104"]
[EventDate "1991.08.??"]
[EventType "match"]
[EventRounds "7"]
[EventCountry "BEL"]
[SourceTitle "Candidates"]
[Source "ChessBase"]
[SourceDate "1999.07.01"]
[SourceVersion "2"]
[SourceVersionDate "1999.07.01"]
[SourceQuality "1"]

1. c4 {Ribli} Nf6 2. Nc3 e6 3. e4 d5 4. e5 Ne4 5. Nf3 Be7 (5... Nxc3 {Ribli} 6.
dxc3 Be7 7. Be3 b6 8. Qc2 Bb7 9. O-O-O $14 {Kron,V-Fokin,S URS-sf Gorky 1989
CBM/16}) 6. Qc2 $1 Ng5 $6 (6... Nxc3 7. dxc3 c5 $14) (6... Nxc3 $5 {Ribli}) 7.
Nxg5 Bxg5 8. cxd5 exd5 9. d4 Be7 $5 (9... Bxc1 10. Rxc1 O-O 11. Bd3 $16) 10.
Be3 O-O 11. O-O-O $2 {11.Ld3! h6 12.0-0-0 Sc6 13.Dd2 with big advantage.Or 12.
0-0,also with an over- whelming position.} (11. Bd3 $5 {Ribli} h6 12. Rd1 $14)
11... Nc6 12. a3 Na5 13. Bd3 h6 14. Qe2 (14. f4 $5) (14. f4 $5 {Ribli} f5 15.
Kb1 $14) 14... b5 $1 15. Bc2 (15. Bxb5 {Ribli} Rb8 $36) 15... Rb8 16. Qd3 g6
17. Bxh6 b4 18. axb4 Rxb4 19. Qg3 (19. Bxf8 $5 {Ribli} Bxf8 20. Qg3 $13) 19...
Bh4 20. Qf4 c6 (20... Be6 $5 {Ribli}) 21. Rde1 $2 {Correct was 21.Lf8 Lg5 22.
Lb4 Lf4 23.Kb1 Sc4 24.Sa4 +=} Be6 22. Re3 c5 23. Bxf8 Bg5 24. Qg3 Kxf8 25. h4
Bh6 26. h5 g5 $1 (26... cxd4 27. hxg6 Qg5 28. Qh2 $13) 27. Na2 Rb8 (27... Rxd4
$5 {Ribli}) 28. dxc5 g4 29. Kb1 Nc4 $6 (29... d4 $5) 30. Rb3 Nd2+ 31. Ka1 Nxb3+
32. Bxb3 Qa5 33. Rd1 $2 (33. Bc2 Qxc5 34. Qa3 $15) (33. Bc2 {Ribli}) 33... Qb5
$19 34. Rd3 Bf5 35. Rxd5 Qxb3 36. Qxb3 Rxb3 37. c6 Rd3 38. Nb4 Rxd5 39. Nxd5
Ke8 40. Nf6+ Kd8 41. f3 gxf3 42. gxf3 Be6 43. Ng8 Bf4 44. h6 Bxe5 45. h7 Kc7
46. f4 Bg7 47. Nh6 Kxc6 48. f5 Bb3 49. Kb1 Kd6 50. Ng4 Bd5 51. Nh6 Ke5 52. Kc2
Kf4 0-1

[Event "WchT 3rd"]
[Site "Luzern"]
[Date "1993.??.??"]
[Round "7.1"]
[White "Kortschnoj, Viktor Lvovich"]
[Black "Gulko, Boris F"]
[Result "1/2-1/2"]
[WhiteElo "2625"]
[BlackElo "2635"]
[Annotator "Kortschnoj"]
[PlyCount "82"]
[EventDate "1993.10.24"]
[EventType "team-tourn"]
[EventRounds "9"]
[EventCountry "SUI"]
[SourceTitle "CBM 038"]
[Source "ChessBase"]
[SourceDate "1994.02.01"]
[SourceVersion "1"]
[SourceVersionDate "1994.02.01"]
[SourceQuality "1"]
[WhiteTeam "Switzerland"]
[BlackTeam "US of America"]
[WhiteTeamCountry "SUI"]
[BlackTeamCountry "USA"]

1. d4 Nf6 2. c4 g6 3. Nc3 d5 4. cxd5 Nxd5 5. e4 Nxc3 6. bxc3 Bg7 7. Bb5+ c6 8.
Ba4 O-O $5 (8... b5 9. Bb3 b4 10. Bb2 $1 bxc3 11. Bxc3 Nd7 {Kortschnoj,
V-Huzman/} 12. Ne2 $14) 9. Ne2 (9. Nf3 c5 $1 $10) 9... e5 10. O-O Re8 (10...
exd4 11. cxd4 Re8 12. e5 $13) 11. f3 $6 (11. d5 b5 12. Bb3 Bb7 13. a4 $14)
11... b5 12. Bb3 a5 13. a3 exd4 14. cxd4 Nd7 15. Be3 Nb6 16. Nf4 Ba6 17. Re1
Nc4 18. Bxc4 bxc4 19. Rb1 Rb8 $15 20. Ne2 Rxb1 21. Qxb1 Qb8 22. Bd2 c3 $5 (
22... Qxb1 23. Rxb1 c3 24. Nxc3 Bxd4+ 25. Kh1 $15) 23. Qxb8 Rxb8 24. Bxc3 Rb3 (
24... a4 25. d5 $1 $10) 25. Bxa5 Rb2 $1 26. Nf4 $1 Bxd4+ 27. Kh1 Ra2 28. Rd1
Be5 29. Nh3 Rxa3 30. Bb6 Rb3 31. Ba7 Bd3 (31... Rc3 $5 {/\ c5,c4}) 32. Rc1 Rb1
33. Rxb1 Bxb1 34. Bc5 f5 35. exf5 Bxf5 36. g4 Be6 37. Kg2 Bd5 38. Ng5 Bf4 (
38... h6 39. Ne4 g5 $13) 39. h4 h6 40. Nh3 Bc1 41. Kf2 Bb2 1/2-1/2

[Event "Hoogovens"]
[Site "Wijk aan Zee"]
[Date "1992.01.??"]
[Round "2"]
[White "Romero Holmes, Alfonso"]
[Black "Kortschnoj, Viktor Lvovich"]
[Result "1/2-1/2"]
[WhiteElo "2490"]
[BlackElo "2585"]
[Annotator "Knaak,R"]
[PlyCount "92"]
[EventDate "1992.01.??"]
[EventType "tourn"]
[EventRounds "13"]
[EventCountry "NED"]
[EventCategory "14"]
[SourceTitle "CBM 028"]
[Source "ChessBase"]
[SourceDate "1992.06.01"]
[SourceVersion "1"]
[SourceVersionDate "1992.06.01"]
[SourceQuality "1"]

1. e4 e6 2. d4 d5 3. e5 c5 4. c3 Nc6 5. Nf3 Bd7 6. Be2 Nge7 7. O-O cxd4 8. cxd4
Nf5 9. Nc3 h5 $5 {N; /\ Be7, g7-g5} 10. Bg5 Be7 11. Bxe7 (11. h4 Bxg5 12. hxg5
$15) 11... Qxe7 12. Qd2 g5 $1 $15 13. Nb5 g4 (13... Kf8 $5 14. Nxg5 (14. Qxg5
$6 Qxg5 15. Nxg5 a6 $17) 14... a6 15. Nc3 Nfxd4 (15... Ncxd4 16. Bd3 h4 17. h3
Rh5 18. f4 $13) 16. f4 Nf5 $13) 14. Ne1 Kf8 15. Nc2 a6 16. Nc3 Kg7 17. Qf4 f6
18. exf6+ Qxf6 19. Rad1 Raf8 20. f3 g3 $1 21. h3 (21. hxg3 Qg6 22. Qc7 Rf7 23.
Kf2 Bc8 24. Qf4 Nfxd4 $19) 21... Be8 (21... Qg6 $6 22. Qc7 Rf7 23. Qxb7 Rb8 24.
Qxa6 Rxb2 25. Bd3 $16) 22. b4 Bg6 23. b5 axb5 24. Bxb5 Rc8 25. Ne2 h4 26. Ne3
Nfe7 27. Qxf6+ Kxf6 $15 28. Rfe1 Kg5 29. Bd3 Bxd3 30. Rxd3 Nf5 31. Rb1 Rh7 32.
Nxf5 Kxf5 33. Rdb3 Kf6 34. Kf1 Ra8 35. Rxb7 Rxb7 36. Rxb7 Rxa2 37. Rb1 Ra4 38.
Rd1 Kf5 39. Ke1 Rc4 40. Rd2 e5 41. dxe5 Kxe5 42. Rb2 Nb4 43. Kd2 d4 44. Rb3 Kd5
45. Nf4+ Kc5 46. Rb2 Rc3 1/2-1/2